Toronto Maple Leafs Leaders - Statistics

General Stats
  • This quiz has been taken 80 times
    9 since last reset
  • The average score is 38 of 100
Answer Stats
Stat Number Answer % Correct
Most Goals 428 Auston Matthews
100%
Most Assists 352 Auston Matthews
100%
Most Points 780 Auston Matthews
100%
Most Game Winning Goals 66 Auston Matthews
100%
Most Goals 420 Mats Sundin
88%
Most Assists 567 Mats Sundin
88%
Most Points 987 Mats Sundin
88%
Most Games Played 981 Mats Sundin
88%
Most Game Winning Goals 79 Mats Sundin
88%
Most Goals 292 William Nylander
88%
Most Assists 399 William Nylander
88%
Most Points 691 William Nylander
88%
Most Game Winning Goals 51 William Nylander
88%
Most Assists 520 Mitch Marner
75%
Most Points 741 Mitch Marner
75%
Most Games Played (Goalie) 270 Curtis Joseph
63%
Most Wins 138 Curtis Joseph
63%
Most Shutouts 17 Curtis Joseph
63%
Best Career Save Percentage .910 Curtis Joseph
63%
Best Career Goals Against Average 2.49 Curtis Joseph
63%
Most Goals 365 Dave Keon
63%
Most Assists 493 Dave Keon
63%
Most Points 858 Dave Keon
63%
Most Games Played 1062 Dave Keon
63%
Most Game Winning Goals 63 Dave Keon
63%
Most Assists 620 Börje Salming
50%
Most Points 768 Börje Salming
50%
Most Games Played 1099 Börje Salming
50%
Most Goals 389 Darryl Sittler
50%
Most Assists 527 Darryl Sittler
50%
Most Points 916 Darryl Sittler
50%
Most Games Played 844 Darryl Sittler
50%
Most Game Winning Goals 42 Darryl Sittler
50%
Most Goals 260 Wendel Clark
50%
Most Games Played (Goalie) 369 Félix Potvin
38%
Most Wins 160 Félix Potvin
38%
Most Games Played (Goalie) 268 Frederik Andersen
38%
Most Wins 149 Frederik Andersen
38%
Best Career Save Percentage .914 Frederik Andersen
38%
Most Games Played (Goalie) 475 Johnny Bower
38%
Most Wins 219 Johnny Bower
38%
Most Shutouts 32 Johnny Bower
38%
Best Career Save Percentage .922 Johnny Bower
38%
Best Career Goals Against Average 2.50 Johnny Bower
38%
Most Game Winning Goals 44 John Tavares
38%
Most Assists 451 Morgan Rielly
38%
Most Games Played 951 Morgan Rielly
38%
Most Goals 299 Rick Vaive
38%
Most Games Played 1184 Tim Horton
38%
Most Games Played (Goalie) 629 Turk Broda
38%
Most Wins 304 Turk Broda
38%
Most Shutouts 61 Turk Broda
38%
Best Career Goals Against Average 2.53 Turk Broda
38%
Most Wins 93 Ed Belfour
25%
Most Shutouts 17 Ed Belfour
25%
Best Career Save Percentage .912 Ed Belfour
25%
Best Career Goals Against Average 2.51 Ed Belfour
25%
Most Goals 296 Frank Mahovlich
25%
Most Points 597 Frank Mahovlich
25%
Most Game Winning Goals 55 Frank Mahovlich
25%
Most Goals 296 George Armstrong
25%
Most Assists 417 George Armstrong
25%
Most Points 713 George Armstrong
25%
Most Games Played 1188 George Armstrong
25%
Most Game Winning Goals 43 George Armstrong
25%
Best Career Save Percentage .914 James Reimer
25%
Best Career Save Percentage .915 Jonathan Bernier
25%
Most Games Played (Goalie) 296 Mike Palmateer
25%
Most Wins 129 Mike Palmateer
25%
Most Shutouts 15 Mike Palmateer
25%
Best Career Save Percentage .912 Terry Sawchuk
25%
Most Assists 437 Tomáš Kaberle
25%
Most Games Played 878 Tomáš Kaberle
25%
Most Games Played 947 Bob Pulford
13%
Most Game Winning Goals 39 Charlie Conacher
13%
Most Games Played (Goalie) 267 Harry Lumley
13%
Most Wins 103 Harry Lumley
13%
Most Shutouts 34 Harry Lumley
13%
Best Career Goals Against Average 2.18 Harry Lumley
13%
Best Career Save Percentage .916 Jack Campbell
13%
Best Career Goals Against Average 2.50 Jack Campbell
13%
Best Career Save Percentage .925 Jacques Plante
13%
Best Career Goals Against Average 2.46 Jacques Plante
13%
Best Career Goals Against Average 2.04 Al Rollins
0%
Most Games Played (Goalie) 210 Bruce Gamble
0%
Most Shutouts 19 Bruce Gamble
0%
Best Career Save Percentage .914 Bruce Gamble
0%
Most Shutouts 14 Ed Chadwick
0%
Most Shutouts 19 George Hainsworth
0%
Best Career Goals Against Average 2.26 George Hainsworth
0%
Most Games Played (Goalie) 222 John Ross Roach
0%
Most Wins 98 John Ross Roach
0%
Most Games Played (Goalie) 214 Lorne Chabot
0%
Most Wins 102 Lorne Chabot
0%
Most Shutouts 31 Lorne Chabot
0%
Best Career Goals Against Average 2.16 Lorne Chabot
0%
Most Goals 332 Ron Ellis
0%
Most Points 640 Ron Ellis
0%
Most Games Played 1034 Ron Ellis
0%
Most Game Winning Goals 50 Ron Ellis
0%
No matching quizzes found
Score Distribution
Percent of People with Each Score
Percentile by Number Answered
Your Score History
You have not taken this quiz since the last reset